| 000 | 00368nam a2200145Ia 4500 | ||
|---|---|---|---|
| 008 | 231217s9999 xx 000 0 und d | ||
| 041 | _aEnglish | ||
| 082 | _a001.6424JAV MOS1;2 R1 | ||
| 100 | _aMoss, Karl | ||
| 245 | 0 | _aJava servlets developer guide | |
| 260 |
_c2002 _bTMH _aNew Delhi |
||
| 300 | _axvii+600 | ||
| 650 | _aJava,servlets,developer | ||
| 942 | _cAA | ||
| 999 |
_c171290 _d171290 |
||